00846nam a2200205 i 4500001000700000003000900007005001700016007000300033008004100036100002800077245003900105250001300144260004300157300002000200505021800220650003700438852002400475999001900499952012200518128056ES-MaACL20250809030824.0t|070214s1922 fr r ||||1| fre d1 aRipert, Georges.99741910aDroit maritime / cGeorges Ripert. a2ª. ed. aParis : b[s.n.], c1922 (fA. Dhvier) a3 v. ; c23 cm.8 aContiene: Tome I. Navigation. Navires. Personnel. Armateurs. Créanciers. Tome II. Crédit maritime. Fortune de mer. Transports maritimes. Tome III. Abordage et assistance. Avaries communes. Assurances maritimes07aDerecho marítimo2embne911730 aES-MaACLjB-5477-79 c128056d128056 00104070aATENEOMbATENEOMcSPBd2008-01-17eSCl0oB-5477-79p1133373r2023-02-23 00:00:00w2023-02-23yMONOGRAFIA